Basic Grammar in use = Ngữ pháp tiếng Anh (Trình độ sơ cấp)

Giới thiệu những điểm ngữ pháp căn bản tiếng anh như các thì, các từ loại, lời dẫn trực tiếp, gián tiếp,...

Guardat en:
Dades bibliogràfiques
Autor principal: Murphy, Raymond
Format: Llibre
Idioma:Undetermined
Publicat: Thành phố Hồ Chí Minh Nhà xuất bản Thành phố Hồ Chí Minh 2002
Matèries:
Etiquetes: Afegir etiqueta
Sense etiquetes, Sigues el primer a etiquetar aquest registre!
Thư viện lưu trữ: Trung tâm Học liệu Trường Đại học Cần Thơ
LEADER 00936nam a2200229Ia 4500
001 CTU_54942
008 210402s9999 xx 000 0 und d
020 |c 38000 
082 |a 428.2 
082 |b M972 
100 |a Murphy, Raymond 
245 0 |a Basic Grammar in use = 
245 0 |b Ngữ pháp tiếng Anh (Trình độ sơ cấp) 
245 0 |c Raymond Murphy ; Nguyễn Thành Yến biên dịch 
260 |a Thành phố Hồ Chí Minh 
260 |b Nhà xuất bản Thành phố Hồ Chí Minh 
260 |c 2002 
520 |a Giới thiệu những điểm ngữ pháp căn bản tiếng anh như các thì, các từ loại, lời dẫn trực tiếp, gián tiếp,... 
650 |a English language,English language 
650 |x Grammar,Textbooks for foreign speakers 
904 |i Minh, Năm 
980 |a Trung tâm Học liệu Trường Đại học Cần Thơ